01647nam a2200253 i 4500003000900000005001700009007000300026008004100029020001500070040003000085082002700115100003900142245008700181264003600268300005500304336002700359337003400386338002800420504003000448505079800478650006201276650003301338650002201371DO-SdBNP20240112101739.0ta110413s1999 dr co 000 0 spa d a976816056X aDO-SdBNPbspacBNPHUerda 4a618.107543 bS211a2221 aSánchez Jiménez, Raúleautor10aAtlas de sonografía en ginecología y obstetricia /cRaúl Sánchez Jiménez 1aSanto Domingo :bBúho,c1999. a378 páginas :bretratos, fotografías ;c23 cm. 2rdacontentatextobtxt 2rdamediaasin mediación bn 2rdacarrieravolumenbnc aBibliografía p: 369-378 aBreves apuntes históricos y principios básicos de los ultrasonidos 13|Anatomía normal de la pelvis menor femenina 17|Utero normal y su aspecto sonográfico 27|Morfología y fisiología del ovario normal. Su aspecto sonográfico 43|Aspecto sonográfico de alteraciones benignas del útero 57|Aspecto sonográfico de alteracines benignas de los anexos 97|Aspecto sonográfico de otras aplicaciones en ginecología 155|Referencias ginecológicas 183|Criterios básicos del primer trimestre de la gestación normal y patológica 189|Criterios básicos ecobiométricos y ecoanatomía normal del segundo y tercer trimestre de la gestación 259|Aspecto sonográfico de alteraciones feto-placentarias. Segundo y tercer trimestre de gestación 297|Referencias obstétricas 369 4aTécnicas de diagnóstico obstétrico y ginecológico 4aDiagnóstico por imágenes 4aUltrasonografía